000 00436nam a2200157Ia 4500
008 210716s2013 xx 000 0 und d
020 _a9780070144934
041 _aeng
082 _a658.1511 HANM
100 _aHanif, Mohammed.
245 _aModern cost and management accounting.
250 _a1
260 _aNew Delhi
_bTata McGraw Hill Education Private Limited
_c2013
300 _axvi,17-28
650 _aManagement Accounting
999 _c208260
_d208260